Valtioiden korkeimmat vuoret - Statistics

Yleistilastot
  • Tätä visaa on pelattu 298 kertaa
    296 viimeisimmän päivityksen jälkeen
  • Keskiarvotulos 11 / 25
Vastaustilastot
Korkeus Valtio Vastaus Vihje % Oikein
8849 m Kiina / Nepal Mount Everest Maailman ja Aasian korkein vuori
95%
1324 m Suomi Halti
85%
5892 m Tansania Kilimanjaro Afrikan korkein vuori
80%
4810 m Italia / Ranska Mont Blanc Euroopan unionin korkein vuori
77%
3776 m Japani Fuji
73%
8611 m Pakistan K2
69%
6190 m Yhdysvallat Denali Pohjois-Amerikan korkein vuori
60%
5642 m Venäjä Elbrus Euroopan korkein vuori
57%
2097 m Ruotsi Kebnekaise
53%
5137 m Turkki Ararat
52%
2917 m Kreikka Olympos
52%
6960 m Argentiina Aconcagua Etelä-Amerikan korkein vuori
44%
1345 m Yhdistynyt kuningaskunta Ben Nevis
39%
318 m Viro Iso Munamäki
35%
2469 m Norja Galdhøpiggen Pohjoismaiden korkein vuori
30%
3715 m Espanja Teide
28%
2962 m Saksa Zugspitze
28%
5959 m Kanada Mount Logan
21%
6263 m Ecuador Chimborazo Maan keskipisteestä korkein vuori
15%
8586 m Intia Kanchenjunga
14%
6893 m Chile Ojos del Salado Maailman korkein tulivuori
14%
4884 m Indonesia Puncak Jaya Oseanian korkein vuori
14%
2814 m Israel Hermon
12%
7570 m Bhutan Gangkhar Puensum Korkein valloittamaton vuori
10%
2629 m Egypti Katariinanvuori
7%
Ehtoja vastaavia visoja ei löytynyt
Tulosjakauma
Jokaisen tuloksen saaneiden osuus
Persentiili vastausten määrän mukaan
Tuloshistoriasi
Et ole pelannut tätä visaa sen viimeisimmän päivityksen jälkeen